Music Quiz

Random Music or Singers Quiz

Musician by High School Photo Quiz Stats

 Plays Quiz Updated Jul 21, 2014

Support Sporcle.
Go Orange.
Score 0/20 Timer 07:00
5 Plays Today
% Correct
Elvis Presley
95.2%
Beyoncé
74.7%
Snoop Dogg
65.2%
Kanye West
64.1%
Eminem
56.4%
Nicki Minaj
49.5%
Madonna
48.4%
Johnny Cash
45.2%
Freddie Mercury
43.9%
Kesha
43.2%
% Correct
Jimi Hendrix
38.3%
Jim Morrison
32.7%
Janis Joplin
28.5%
Marilyn Manson
27.6%
Shakira
26.2%
Gwen Stefani
25.1%
Axl Rose
20.9%
Anthony Kiedis
18.2%
Eddie Vedder
12.4%
Iggy Pop
12.3%

You're not logged in!

Compare scores with friends on all Sporcle quizzes.
OR
Log In

From the Vault

TV Surnames Multiple Choice

by bobinwilder1

Sometimes you want to go where you know everybody's name.
Remove Ads.
Support Sporcle.
Get the best of Sporcle when you Go Orange. This ad-free experience offers more features, more stats, and more fun while also helping to support Sporcle. Thank you for becoming a member.

Show Comments

Extras

Top Quizzes Today


Score Distribution

Your Account Isn't Verified!

In order to create a playlist on Sporcle, you need to verify the email address you used during registration. Go to your Sporcle Settings to finish the process.

Report this User

Report this user for behavior that violates our Community Guidelines.

Details: